Statistics for European CAPITALS where the first 2 letters are consonants

Click here to take the quiz!

General Stats

  • This quiz has been taken 80 times
  • The average score is 6 of 8

Answer Stats

Answer % Correct
Brussels
96%
Prague
92%
Stockholm
92%
Bratislava
76%
Ljubljana
67%
Skopje
64%
Pristina
61%
Chisinau
53%

Score Distribution

Percentile by Number Answered

Percent of People with Each Score

Your Score History

You have not taken this quiz